paroles de la chanson inoxtag everest - Statistiques

Statistiques générales
  • Ce quiz a été pris 770 fois
  • Le résultat moyen est 20 sur 35
Statistiques - réponses
Réponse % Correct
Inoxtag
95%
t'
93%
mon
89%
à
88%
qu'
88%
la
85%
la
85%
tu
85%
te
84%
terr
81%
c
79%
entière
79%
montagne
76%
des
75%
ne
73%
ne
73%
quoicoubebou
72%
chiasse
70%
pas
69%
pas
69%
ace
55%
j'
54%
michou
53%
espere
47%
il
42%
mank
37%
doit
34%
sure
20%
manke
14%
trau
9%
pleurai
8%
arraitera
4%
wouaf
2%
love
1%
my
1%
Aucun quiz correspondant
Distribution des résultats
% des personnes avec chaque résultat
Percentile par nombre de réponses
Votre historique - résultats
Vous n’avez pas pris ce quiz